[Event "Titled Tuesday intern op 12th Mar Late"]
[Site "Chess.com INT"]
[Date "2024.03.12"]
[Round "11"]
[White "Horak, Martin"]
[Black "Kostiukov, Alexandr"]
[Result "1-0"]
[WhiteElo "2333"]
[BlackElo "2271"]
[PlyCount "35"]
[EventDate "2024.03.12"]
[EventType "swiss (blitz)"]
[EventRounds "11"]
[EventCountry "USA"]
[SourceTitle "CB12_2024"]
[SourceDate "2023.10.01"]
[SourceVersion "1"]
[SourceVersionDate "2023.10.01"]
[SourceQuality "1"]

1. e4 c5 2. Nf3 g6 3. c3 Bg7 4. d4 cxd4 5. cxd4 d5 6. e5 Nc6 7. h3 f6 8. Bf4 Nh6 9. Nc3 Nf5 10. Bb5 0-0 11. Bxc6 bxc6 12. 0-0 fxe5 13. Bxe5 e6 14. Re1 Bd7 15. Na4 Nh4 16. Nxh4 Qxh4 17. Nc5 Qxf2+ 18. Kh1 1-0

[Event "Titled Tuesday intern op 12th Mar Late"]
[Site "Chess.com INT"]
[Date "2024.03.12"]
[Round "7"]
[White "Horak, Martin"]
[Black "Narva, Triin"]
[Result "0-1"]
[WhiteElo "2333"]
[BlackElo "2104"]
[PlyCount "50"]
[EventDate "2024.03.12"]
[EventType "swiss (blitz)"]
[EventRounds "11"]
[EventCountry "USA"]
[SourceTitle "CB12_2024"]
[SourceDate "2023.10.01"]
[SourceVersion "1"]
[SourceVersionDate "2023.10.01"]
[SourceQuality "1"]

1. e4 d5 2. exd5 Qxd5 3. Nc3 Qd6 4. d4 Nf6 5. Nf3 Nc6 6. Nb5 Qd8 7. Bf4 Nd5 8. Bg3 a6 9. Na3 e5 10. Nxe5 Bb4+ 11. c3 Nxc3 12. bxc3 Bxc3+ 13. Ke2 Nxd4+ 14. Ke3 Bxa1 15. Qxa1 Nf5+ 16. Ke2 Nxg3+ 17. hxg3 Qe7 18. Nac4 f6 19. f4 fxe5 20. Nxe5 Bg4+ 21. Ke1 0-0-0 22. Qc3 Rd1+ 23. Kf2 Rd5 24. Bc4 Qc5+ 25. Qe3 Rd2+ 0-1

[Event "Titled Tuesday intern op 12th Mar Late"]
[Site "Chess.com INT"]
[Date "2024.03.12"]
[Round "5"]
[White "Mihelic, Vesna"]
[Black "Horak, Martin"]
[Result "0-1"]
[WhiteElo "2140"]
[BlackElo "2333"]
[PlyCount "102"]
[EventDate "2024.03.12"]
[EventType "swiss (blitz)"]
[EventRounds "11"]
[EventCountry "USA"]
[SourceTitle "CB12_2024"]
[SourceDate "2023.10.01"]
[SourceVersion "1"]
[SourceVersionDate "2023.10.01"]
[SourceQuality "1"]

1. e4 c5 2. Nf3 Nc6 3. Bb5 Nf6 4. e5 Nd5 5. Nc3 Nc7 6. Bxc6 dxc6 7. 0-0 Bg4 8. h3 Bh5 9. Ne4 Qd5 10. d3 0-0-0 11. Be3 Ne6 12. Ned2 h6 13. b4 g5 14. Bxc5 Nxc5 15. bxc5 e6 16. Ne4 Bxc5 17. Nxc5 Qxc5 18. Qe2 g4 19. hxg4 Bxg4 20. Qe4 Rhg8 21. Rab1 Qd5 22. Qb4 Rd7 23. Nh4 Bh3 24. f3 a5 25. Qa4 Qd4+ 26. Qxd4 Rxd4 27. Kh2 Rxh4 28. gxh3 Ra4 29. Rb2 Kc7 30. Rg1 Rxg1 31. Kxg1 h5 32. c4 Ra3 33. Rd2 Rc3 34. Kf2 h4 35. Ke3 b5 36. cxb5 cxb5 37. Kf4 Ra3 38. Kg4 Ra4+ 39. Kg5 Kc6 40. d4 Kd5 41. Kxh4 Rxd4+ 42. Rxd4+ Kxd4 43. Kg5 b4 44. h4 a4 45. h5 b3 46. axb3 axb3 47. h6 b2 48. h7 b1Q 49. h8Q Qf5+ 50. Kh4 Qxe5 51. Kg4 Qxh8 0-1

[Event "Titled Tuesday intern op 06th Feb Early"]
[Site "Chess.com INT"]
[Date "2024.02.06"]
[Round "6"]
[White "Rodriguez Avila, Alvaro"]
[Black "Horak, Martin"]
[Result "0-1"]
[WhiteElo "2186"]
[BlackElo "2329"]
[PlyCount "90"]
[EventDate "2024.02.06"]
[EventType "swiss (blitz)"]
[EventRounds "11"]
[EventCountry "USA"]
[SourceTitle "CB07_2024"]
[SourceDate "2024.02.14"]
[SourceVersion "1"]
[SourceVersionDate "2024.02.14"]
[SourceQuality "1"]

1. e4 c5 2. d4 cxd4 3. c3 dxc3 4. Bc4 Nc6 5. Nxc3 d6 6. Nf3 a6 7. 0-0 Nf6 8. h3 e6 9. Qe2 Qc7 10. Rd1 Be7 11. Bf4 Ne5 12. Bb3 0-0 13. Rac1 Qb8 14. Nd4 Bd7 15. Rd2 b5 16. Bg3 Rc8 17. Rcd1 Qb7 18. Kh2 b4 19. Nd5 exd5 20. exd5 Ng6 21. Qf3 Re8 22. Rc1 Rac8 23. Rdc2 Rxc2 24. Rxc2 Bf8 25. Nc6 Ne4 26. h4 Nxg3 27. fxg3 Ne5 28. Nxe5 Rxe5 29. Rf2 Be8 30. Rc2 g6 31. Qf6 Qe7 32. Qf4 Bg7 33. Rc8 Qd7 34. Ra8 Qb5 35. Qg4 h5 36. Qc8 Kh7 37. Qc7 Re2 38. Bc4 Rc2 39. Bxb5 Rxc7 40. Bxe8 Bxb2 41. Rxa6 Be5 42. Ba4 Rc3 43. Bb3 Rxg3 44. Kh1 Rc3 45. Ra7 Rc1+ 0-1

[Event "Titled Tuesday intern op 16th Jan Late"]
[Site "Chess.com INT"]
[Date "2024.01.16"]
[Round "1"]
[White "Fedoseev, Vladimir1"]
[Black "Horak, Martin"]
[Result "1-0"]
[WhiteElo "2690"]
[BlackElo "2349"]
[PlyCount "63"]
[EventDate "2024.01.16"]
[EventType "swiss (blitz)"]
[EventRounds "11"]
[EventCountry "USA"]
[SourceTitle "CB04_2024"]
[SourceDate "2023.10.16"]
[SourceVersion "1"]
[SourceVersionDate "2023.10.16"]
[SourceQuality "1"]

1. e4 c5 2. Nf3 Nc6 3. Bb5 d6 4. 0-0 Nf6 5. e5 Nd5 6. d4 cxd4 7. Nxd4 Bd7 8. c4 Nxd4 9. Bxd7+ Qxd7 10. Qxd4 Nb4 11. Qc3 Nc6 12. exd6 Qxd6 13. Be3 e5 14. Nd2 Be7 15. f4 0-0 16. Ne4 Qc7 17. f5 f6 18. a3 Rfd8 19. Rad1 Rxd1 20. Rxd1 Rd8 21. Rd5 b6 22. Qd3 Bf8 23. b4 Nd4 24. Bxd4 Rxd5 25. cxd5 exd4 26. Qxd4 Qc1+ 27. Kf2 Qf4+ 28. Ke1 Qc1+ 29. Ke2 Qxa3 30. d6 Qa2+ 31. Kf3 Qb3+ 32. Kg4 1-0

[Event "Titled Tuesday intern op 09th Jan Early"]
[Site "Chess.com INT"]
[Date "2024.01.09"]
[Round "6"]
[White "Horak, Martin"]
[Black "Plyasunov, Daniil"]
[Result "0-1"]
[WhiteElo "2349"]
[BlackElo "2249"]
[PlyCount "84"]
[EventDate "2024.01.09"]
[EventType "swiss (blitz)"]
[EventRounds "11"]
[EventCountry "USA"]
[SourceTitle "CB03_2024"]
[SourceDate "2024.01.17"]
[SourceVersion "1"]
[SourceVersionDate "2024.01.17"]
[SourceQuality "1"]

1. e4 c6 2. Nf3 d5 3. Nc3 dxe4 4. Nxe4 Nf6 5. Qe2 Nxe4 6. Qxe4 Qd5 7. Qf4 Qf5 8. Qxf5 Bxf5 9. b3 Nd7 10. Bb2 f6 11. 0-0-0 Bg6 12. Nd4 e5 13. Re1 0-0-0 14. Ne6 Re8 15. Nxf8 Rhxf8 16. g3 Nb6 17. Bh3+ Kc7 18. Rhf1 Nd5 19. f3 Nb4 20. Ba3 a5 21. Bxb4 axb4 22. Kb2 Rd8 23. d3 Ra8 24. f4 exf4 25. Re7+ Kd6 26. Rd7+ Kc5 27. Rxf4 Ra7 28. Rxg7 Rfa8 29. a4 bxa3+ 30. Ka2 Re8 31. Bf1 f5 32. h4 Kd6 33. h5 Bxh5 34. Rxh7 Bg4 35. Rh6+ Kc5 36. Rc4+ Kb5 37. d4 Kb6 38. Rh7 Re1 39. Rb4+ Ka5 40. Ra4+ Kb6 41. Rb4+ Ka5 42. Bd3 Kxb4 0-1

[Event "Titled Tuesday intern op 09th Jan Early"]
[Site "Chess.com INT"]
[Date "2024.01.09"]
[Round "7"]
[White "Putri, Regita Desyari"]
[Black "Horak, Martin"]
[Result "0-1"]
[WhiteElo "1863"]
[BlackElo "2349"]
[PlyCount "62"]
[EventDate "2024.01.09"]
[EventType "swiss (blitz)"]
[EventRounds "11"]
[EventCountry "USA"]
[SourceTitle "CB03_2024"]
[SourceDate "2024.01.17"]
[SourceVersion "1"]
[SourceVersionDate "2024.01.17"]
[SourceQuality "1"]

1. e4 c5 2. Nf3 Nc6 3. Bb5 Nf6 4. Qe2 Qc7 5. 0-0 a6 6. Bxc6 Qxc6 7. Re1 d6 8. h3 g6 9. c3 Bg7 10. d4 0-0 11. Nbd2 cxd4 12. Nxd4 Qc7 13. Nf1 b5 14. Ng3 Bb7 15. a3 Rac8 16. Bg5 Qc4 17. Qxc4 Rxc4 18. f3 Rfc8 19. Nb3 Ra4 20. Rad1 h6 21. Be3 Nd7 22. Nf1 Ne5 23. Nfd2 Nd3 24. Rb1 Nxe1 25. Rxe1 a5 26. Bb6 b4 27. Nxa5 bxc3 28. bxc3 Bxc3 29. Nxb7 Bxd2 30. Rd1 Bc3 31. Rd3 Rxa3 0-1

[Event "Titled Tuesday intern op 19th Dec Early"]
[Site "Chess.com INT"]
[Date "2023.12.19"]
[Round "1"]
[White "Horak, Martin"]
[Black "Bluebaum, Matthias"]
[Result "0-1"]
[WhiteElo "2349"]
[BlackElo "2670"]
[PlyCount "118"]
[EventDate "2023.12.19"]
[EventType "swiss (blitz)"]
[EventRounds "11"]
[EventCountry "USA"]
[SourceTitle "CB52_2023"]
[SourceDate "2023.12.27"]
[SourceVersion "1"]
[SourceVersionDate "2023.12.27"]
[SourceQuality "1"]

1. e4 e6 2. d4 d5 3. Nc3 Nf6 4. Bg5 dxe4 5. Nxe4 Be7 6. Nxf6+ Bxf6 7. Bxf6 Qxf6 8. Nf3 0-0 9. Bd3 c5 10. 0-0 cxd4 11. Nxd4 e5 12. Nb5 Nc6 13. Nd6 Rd8 14. Nxc8 Raxc8 15. Qe2 g6 16. c3 Kg7 17. Bb1 Qf4 18. Bd3 Rd6 19. g3 Qf6 20. Rad1 Rcd8 21. Be4 Qe6 22. Bxc6 bxc6 23. b3 e4 24. Rfe1 f5 25. Kg2 Qf6 26. c4 Rd3 27. Rxd3 Rxd3 28. Qc2 Qd4 29. Re2 c5 30. Qb2 h5 31. h4 Qxb2 32. Rxb2 a5 33. Kf1 Rd1+ 34. Ke2 Ra1 35. Rd2 Kf6 36. Ke3 Re1+ 37. Kf4 e3 38. Rc2 exf2 39. Rxf2 Rd1 40. Re2 Rd4+ 41. Kf3 a4 42. Re3 Rd2 43. bxa4 Rxa2 44. Rc3 Rxa4 45. Ke3 Ke5 46. Rc2 Ra3+ 47. Kf2 Kd4 48. Re2 Ra6 49. Rc2 Kd3 50. Rc1 Ra3 51. Rd1+ Kxc4 52. Rd6 Kb5 53. Rxg6 c4 54. Rg5 c3 55. Rxf5+ Kb4 56. Rf4+ Kb3 57. Rf8 c2 58. Rc8 Kb2 59. g4 hxg4 0-1

[Event "Titled Tuesday intern op 19th Dec Early"]
[Site "Chess.com INT"]
[Date "2023.12.19"]
[Round "4"]
[White "Horak, Martin"]
[Black "Mesquita, Eduardo Barbosa"]
[Result "1-0"]
[WhiteElo "2349"]
[BlackElo "1971"]
[PlyCount "111"]
[EventDate "2023.12.19"]
[EventType "swiss (blitz)"]
[EventRounds "11"]
[EventCountry "USA"]
[SourceTitle "CB52_2023"]
[SourceDate "2023.12.27"]
[SourceVersion "1"]
[SourceVersionDate "2023.12.27"]
[SourceQuality "1"]

1. e4 c5 2. Nf3 d6 3. d4 cxd4 4. Qxd4 a6 5. Be2 Nc6 6. Qe3 g6 7. 0-0 Bg7 8. h3 Nf6 9. Rd1 Qc7 10. Nc3 0-0 11. Qf4 e5 12. Qh4 Re8 13. Bg5 Nd7 14. Nd5 Qa5 15. c3 Rf8 16. Ne7+ Nxe7 17. Bxe7 Qb6 18. Bxf8 Nxf8 19. b3 Qc6 20. Bc4 Be6 21. Bxe6 Nxe6 22. Rac1 h5 23. Qe7 Bf8 24. Qh4 Bh6 25. Rc2 Nf4 26. Qe7 Qxe4 27. Rcc1 Bf8 28. Qf6 Bg7 29. Qxf7+ Kxf7 30. Ng5+ Ke7 31. Nxe4 Ne2+ 32. Kf1 Nxc1 33. Rxc1 d5 34. Nc5 b6 35. Nd3 Kd6 36. Rd1 a5 37. c4 d4 38. f3 g5 39. Ke2 g4 40. hxg4 hxg4 41. Rh1 Rg8 42. Nf2 gxf3+ 43. gxf3 Kc5 44. Nd3+ Kd6 45. Nf2 Kc6 46. Ne4 a4 47. Rg1 d3+ 48. Kxd3 Rd8+ 49. Kc3 Bf8 50. Rg6+ Kb7 51. b4 Rd1 52. Rf6 Rd8 53. Rf7+ Ka6 54. a3 Bh6 55. b5+ Ka5 56. Ra7# 1-0

[Event "Ricany op"]
[Site "Ricany"]
[Date "2023.09.01"]
[Round "8"]
[White "Horak, Martin"]
[Black "Seidl, Jan1111"]
[Result "1-0"]
[WhiteElo "2302"]
[BlackElo "2163"]
[PlyCount "65"]
[EventDate "2023.08.26"]
[EventType "swiss"]
[EventRounds "9"]
[EventCountry "CZE"]
[SourceTitle "EXT 2024"]
[Source "ChessBase"]
[SourceDate "2023.10.10"]
[SourceVersion "1"]
[SourceVersionDate "2023.10.10"]
[SourceQuality "1"]

1. e4 c6 2. d4 d5 3. e5 Bf5 4. Nf3 e6 5. Be2 c5 6. c3 Nc6 7. 0-0 cxd4 8. Nxd4 Nxd4 9. cxd4 Ne7 10. Nc3 h6 11. g4 Bh7 12. f4 Nc6 13. f5 Be7 14. fxe6 fxe6 15. Bd3 Bxd3 16. Qxd3 Kd7 17. Be3 Rf8 18. a3 Rxf1+ 19. Rxf1 Qg8 20. Qg6 Rf8 21. Ne2 Rxf1+ 22. Kxf1 Nd8 23. Kg2 Qf7 24. Qh7 Nc6 25. Bxh6 Bf8 26. h4 Ke8 27. Be3 b5 28. h5 a5 29. Qd3 Qb7 30. Bg5 b4 31. a4 Be7 32. Qg6+ Kf8 33. h6 1-0

[Event "Titled Tuesday intern op 18th Jul Early"]
[Site "Chess.com INT"]
[Date "2023.07.18"]
[Round "5"]
[White "Horak, Martin"]
[Black "Nazari, Arad"]
[Result "0-1"]
[WhiteElo "2266"]
[BlackElo "2358"]
[PlyCount "164"]
[EventDate "2023.07.18"]
[EventType "swiss (blitz)"]
[EventRounds "11"]
[EventCountry "USA"]
[SourceTitle "EXT 2024"]
[Source "ChessBase"]
[SourceDate "2023.10.10"]
[SourceVersion "1"]
[SourceVersionDate "2023.10.10"]
[SourceQuality "1"]

1. d4 Nf6 2. Nf3 g6 3. c4 Bg7 4. e3 0-0 5. Be2 c5 6. 0-0 cxd4 7. Nxd4 d5 8. Nc3 Nc6 9. cxd5 Nxd5 10. Nxd5 Qxd5 11. Bf3 Qc5 12. Nxc6 bxc6 13. Qa4 Rb8 14. Qxc6 Qxc6 15. Bxc6 Be6 16. Ba4 Bxb2 17. Bxb2 Rxb2 18. Bb3 Rd8 19. Bxe6 fxe6 20. a4 Rdd2 21. g3 Ra2 22. Rxa2 Rxa2 23. Rb1 Rxa4 24. Rb7 Kf7 25. Kg2 a5 26. Ra7 Kf6 27. Kf3 h6 28. h4 Ra1 29. Kf4 a4 30. Ra5 a3 31. e4 Kf7 32. Ra6 Kf6 33. e5+ Kf7 34. f3 a2 35. Ra8 Kg7 36. Kg4 h5+ 37. Kf4 Kf7 38. Ra5 Ke8 39. Ra7 Kd8 40. Ra8+ Kd7 41. Ra6 Kc7 42. Kg5 Rg1 43. Rxa2 Rxg3+ 44. Kf4 Rh3 45. Rg2 Rxh4+ 46. Ke3 Kc6 47. Rxg6 Kd5 48. Rg7 Kxe5 49. Rxe7 Kf6 50. Rh7 Kg6 51. Rh8 Kg7 52. Re8 Kf7 53. Rh8 Rh2 54. Kf4 Kf6 55. Rf8+ Kg7 56. Re8 Re2 57. Kg5 Re5+ 58. Kh4 Kg6 59. Rf8 Rf5 60. Re8 Kf7 61. Rh8 Rxf3 62. Rxh5 Ke7 63. Kg4 Rf1 64. Kg3 Kd6 65. Kg2 Rf8 66. Rh1 e5 67. Re1 Kd5 68. Rd1+ Ke4 69. Re1+ Kd4 70. Rd1+ Kc3 71. Re1 Kd4 72. Rd1+ Kc4 73. Re1 Kd5 74. Kg3 Rf4 75. Rd1+ Ke6 76. Re1 Rf8 77. Rd1 e4 78. Re1 Ke5 79. Kg2 Kd4 80. Rf1 Rxf1 81. Kxf1 Kd3 82. Ke1 Ke3 0-1

[Event "Titled Tuesday intern op 18th Jul Early"]
[Site "Chess.com INT"]
[Date "2023.07.18"]
[Round "10"]
[White "Horak, Martin"]
[Black "Ugarte Soto, Cesar"]
[Result "1-0"]
[WhiteElo "2266"]
[BlackElo "2088"]
[PlyCount "81"]
[EventDate "2023.07.18"]
[EventType "swiss (blitz)"]
[EventRounds "11"]
[EventCountry "USA"]
[SourceTitle "EXT 2024"]
[Source "ChessBase"]
[SourceDate "2023.10.10"]
[SourceVersion "1"]
[SourceVersionDate "2023.10.10"]
[SourceQuality "1"]

1. e4 c5 2. Nf3 Nc6 3. d4 cxd4 4. Nxd4 Qb6 5. Nb3 g6 6. Nc3 Bg7 7. Bd3 Nf6 8. 0-0 0-0 9. Be3 Qc7 10. Qe2 d6 11. h3 a6 12. Bg5 e6 13. Rad1 b5 14. f4 h6 15. Bh4 b4 16. Nb1 d5 17. e5 Nd7 18. N1d2 Bb7 19. Nf3 a5 20. Nfd4 a4 21. Nxc6 Bxc6 22. Nd4 Rfc8 23. Qg4 Nb6 24. Nxe6 Qd7 25. f5 g5 26. Nxg7 Kxg7 27. Bxg5 hxg5 28. Qxg5+ Kf8 29. f6 Qa7 30. Kh1 Ke8 31. Bf5 Kd8 32. Bxc8 Nxc8 33. Qg8+ Be8 34. e6 Nd6 35. Rxd5 Kc7 36. Qf8 Qa6 37. Qe7+ Kc8 38. Rfd1 Bc6 39. Rxd6 Kb8 40. Rd8+ Qc8 41. Rxc8+ 1-0

[Event "Titled Tuesday intern op 18th Jul Early"]
[Site "Chess.com INT"]
[Date "2023.07.18"]
[Round "9"]
[White "Mikhaylova, Irina"]
[Black "Horak, Martin"]
[Result "1-0"]
[WhiteElo "2216"]
[BlackElo "2266"]
[PlyCount "127"]
[EventDate "2023.07.18"]
[EventType "swiss (blitz)"]
[EventRounds "11"]
[EventCountry "USA"]
[SourceTitle "EXT 2024"]
[Source "ChessBase"]
[SourceDate "2023.10.10"]
[SourceVersion "1"]
[SourceVersionDate "2023.10.10"]
[SourceQuality "1"]

1. d4 Nf6 2. Nf3 d5 3. c4 e6 4. Nc3 Bb4 5. Bg5 h6 6. Bxf6 Qxf6 7. cxd5 exd5 8. Rc1 0-0 9. a3 Bxc3+ 10. Rxc3 c6 11. e3 a5 12. Be2 Bf5 13. 0-0 Nd7 14. b4 axb4 15. axb4 b5 16. Bd3 Bg4 17. Be2 Bxf3 18. Bxf3 Nb6 19. Be2 Ra4 20. Qc2 Rxb4 21. Rxc6 Qd8 22. Qc5 Rb2 23. Rxb6 Rxe2 24. Rxb5 Re8 25. Qxd5 Qf6 26. Ra5 Qg6 27. Ra8 Rxa8 28. Qxa8+ Kh7 29. Qf3 Qd3 30. g3 f6 31. g4 Kg6 32. Kg2 Ra2 33. Qf5+ Qxf5 34. gxf5+ Kxf5 35. Kf3 Ra3 36. Rd1 g5 37. h4 g4+ 38. Kg3 Ra6 39. Rb1 h5 40. Rb5+ Kg6 41. f3 Ra3 42. Kf4 g3 43. Rb2 f5 44. Rg2 Kf6 45. Rxg3 Ra1 46. Rg5 Ra7 47. Rxh5 Kg6 48. Rg5+ Kh6 49. Rxf5 Kg6 50. Rg5+ Kh6 51. d5 Ra5 52. e4 Ra1 53. Rf5 Kg6 54. d6 Rd1 55. Rd5 Ra1 56. d7 Ra8 57. d8Q Rxd8 58. Rxd8 Kf6 59. Rd5 Ke6 60. Rg5 Kf6 61. h5 Kf7 62. h6 Kf6 63. h7 Kf7 64. h8Q 1-0

[Event "Titled Tuesday intern op 20th Jun Early"]
[Site "Chess.com INT"]
[Date "2023.06.20"]
[Round "10"]
[White "Horak, Martin"]
[Black "Ziatdinov, Raset"]
[Result "0-1"]
[WhiteElo "2266"]
[BlackElo "2101"]
[PlyCount "56"]
[EventDate "2023.06.20"]
[EventType "swiss (blitz)"]
[EventRounds "11"]
[EventCountry "USA"]
[SourceTitle "EXT 2024"]
[Source "ChessBase"]
[SourceDate "2023.10.10"]
[SourceVersion "1"]
[SourceVersionDate "2023.10.10"]
[SourceQuality "1"]

1. d4 Nf6 2. Nf3 g6 3. c4 Bg7 4. e3 0-0 5. Be2 d5 6. cxd5 Nxd5 7. e4 Nb6 8. 0-0 Nc6 9. d5 Ne5 10. Nc3 c6 11. Nxe5 Bxe5 12. Bh6 Re8 13. dxc6 bxc6 14. Qxd8 Rxd8 15. Rfd1 Be6 16. Rac1 Nc4 17. b3 Nb2 18. Rxd8+ Rxd8 19. Kf1 f5 20. Be3 a6 21. f4 Bd4 22. Kf2 fxe4 23. Nxe4 Bf5 24. Nc5 e5 25. fxe5 Bxe5 26. Bc4+ Kg7 27. Ne6+ Bxe6 28. Bxe6 Nd3+ 0-1

[Event "Titled Tuesday intern op 20th Jun Early"]
[Site "Chess.com INT"]
[Date "2023.06.20"]
[Round "6"]
[White "Postny, Evgeny"]
[Black "Horak, Martin"]
[Result "1-0"]
[WhiteElo "2549"]
[BlackElo "2266"]
[PlyCount "71"]
[EventDate "2023.06.20"]
[EventType "swiss (blitz)"]
[EventRounds "11"]
[EventCountry "USA"]
[SourceTitle "EXT 2024"]
[Source "ChessBase"]
[SourceDate "2023.10.10"]
[SourceVersion "1"]
[SourceVersionDate "2023.10.10"]
[SourceQuality "1"]

1. e4 c5 2. Nf3 Nc6 3. d4 cxd4 4. Nxd4 g6 5. c4 Bg7 6. Nc2 d6 7. Be2 Be6 8. 0-0 Rc8 9. Ne3 Nd4 10. Bd3 Nf6 11. Nc3 0-0 12. Kh1 a6 13. a4 Nc6 14. Qe2 Ne5 15. Bd2 Nfd7 16. b3 Nxd3 17. Qxd3 Nc5 18. Qc2 f5 19. exf5 gxf5 20. Rae1 f4 21. Ned5 Rf7 22. Nxf4 Bf5 23. Qd1 Nd3 24. Nxd3 Bxd3 25. Rg1 Rxf2 26. Be3 Bc2 27. Qd5+ Rf7 28. Rgf1 Qe8 29. Bd4 Bg6 30. Bxg7 Kxg7 31. Qd4+ Kg8 32. Nd5 b5 33. Rxf7 Bxf7 34. Nxe7+ Kf8 35. Qh8+ Bg8 36. Qxg8# 1-0

[Event "Titled Tuesday intern op 20th Jun Early"]
[Site "Chess.com INT"]
[Date "2023.06.20"]
[Round "1"]
[White "Vargas, Mauricio"]
[Black "Horak, Martin"]
[Result "0-1"]
[WhiteElo "2035"]
[BlackElo "2266"]
[PlyCount "74"]
[EventDate "2023.06.20"]
[EventType "swiss (blitz)"]
[EventRounds "11"]
[EventCountry "USA"]
[SourceTitle "EXT 2024"]
[Source "ChessBase"]
[SourceDate "2023.10.10"]
[SourceVersion "1"]
[SourceVersionDate "2023.10.10"]
[SourceQuality "1"]

1. e4 c5 2. Nc3 Nc6 3. f4 e6 4. Nf3 Nge7 5. d3 d5 6. e5 Nf5 7. g3 Be7 8. Bg2 Rb8 9. 0-0 h5 10. Ne2 b5 11. c3 b4 12. Bd2 a5 13. cxb4 axb4 14. a3 Ba6 15. axb4 Bxd3 16. Re1 cxb4 17. Qa4 Bb5 18. Qd1 h4 19. g4 h3 20. Bh1 Qb6+ 21. Kf1 Nfd4 22. Nfxd4 Nxd4 23. Be3 Nxe2 24. Bxb6 Nc3+ 25. Kf2 Nxd1+ 26. Rexd1 Rxb6 27. Ra8+ Bd8 28. Rc1 0-0 29. Rcc8 Bh4+ 30. Kf3 Rxc8 31. Rxc8+ Kh7 32. f5 Bd3 33. fxe6 fxe6 34. g5 Be4+ 35. Kg4 Bxh1 36. Kxh4 Kg6 37. Kg4 Bg2 0-1

[Event "Titled Tuesday intern op 13th Jun Early"]
[Site "Chess.com INT"]
[Date "2023.06.13"]
[Round "11"]
[White "Acikel, Mert"]
[Black "Horak, Martin"]
[Result "0-1"]
[WhiteElo "2222"]
[BlackElo "2266"]
[PlyCount "130"]
[EventDate "2023.06.13"]
[EventType "swiss (blitz)"]
[EventRounds "11"]
[EventCountry "USA"]
[SourceTitle "EXT 2024"]
[Source "ChessBase"]
[SourceDate "2023.10.10"]
[SourceVersion "1"]
[SourceVersionDate "2023.10.10"]
[SourceQuality "1"]

1. e4 c5 2. Nf3 a6 3. c4 Nc6 4. d4 cxd4 5. Nxd4 e5 6. Nf3 Nf6 7. Nc3 Bb4 8. Bd3 0-0 9. 0-0 Bxc3 10. bxc3 d6 11. h3 Qc7 12. Be3 Be6 13. Rb1 Nd7 14. Qe2 Na5 15. Nd2 Nc5 16. Bxc5 Qxc5 17. Rb4 Rac8 18. Nb3 Qc7 19. Nxa5 Qxa5 20. Rfb1 Rc7 21. R1b3 Rfc8 22. Rb6 Rxc4 23. Rxb7 Rxc3 24. Rxc3 Qxc3 25. Bxa6 g6 26. Bd3 Qa1+ 27. Kh2 Qxa2 28. Qxa2 Bxa2 29. Rb6 Rd8 30. Ra6 Be6 31. f3 g5 32. Kg3 Kg7 33. Rb6 h5 34. Bb5 Kf6 35. Rb7 h4+ 36. Kf2 Rc8 37. Ke3 Rc2 38. Be2 Rc3+ 39. Kf2 Rb3 40. Rc7 Rb2 41. Ke3 Rb3+ 42. Kf2 Rb4 43. Rc6 Rd4 44. Ra6 Ke7 45. Rb6 Kd7 46. Ke3 Kc7 47. Rb2 Kc6 48. Rb8 Kc7 49. Rg8 f6 50. Rf8 Ra4 51. Rxf6 Ra3+ 52. Kf2 Bd7 53. Rg6 Ra2 54. Ke3 Ra3+ 55. Kf2 Ra2 56. Ke1 Ra1+ 57. Kd2 Ra2+ 58. Kd3 Bb5+ 59. Kc3 Rxe2 60. Rxg5 Kc6 61. Rg4 Rf2 62. Rxh4 Rxg2 63. Rh6 Rg3 64. Rf6 Rxh3 65. Kb4 Be2 0-1